Instead of cars

Salvato in:
Dettagli Bibliografici
Autore principale: Bendixson, Terence
Natura: Libro
Lingua:Undetermined
Pubblicazione: Harmondsworth Penguin Books 1977
Soggetti:
Tags: Aggiungi Tag
Nessun Tag, puoi essere il primo ad aggiungerne! !
Thư viện lưu trữ: Trung tâm Học liệu Trường Đại học Cần Thơ
LEADER 00536nam a2200193Ia 4500
001 CTU_84397
008 210402s9999 xx 000 0 und d
082 |a 388.4 
082 |b B458 
100 |a Bendixson, Terence 
245 0 |a Instead of cars 
245 0 |c Terence Bendixson 
260 |a Harmondsworth 
260 |b Penguin Books 
260 |c 1977 
650 |a Local transit 
650 |x Personal rapid transit,Transportation, automobile 
904 |i QHieu(sửa) 
980 |a Trung tâm Học liệu Trường Đại học Cần Thơ